=LDR 00000nam 2200000 4500 =001 INLIS000000000006695 =005 20130612094814 =008 ***********************************Ind** =035 ##$$0010-061300000006695 =041 ##$$a Ind =082 ##$$a 005.369 =090 ##$$a 005.369, Qua q =245 ##$$a Quattro Pro =260 ##$$a 1993 $b Yogyakarta =300 ##$$a vii, 59 hlm., Ilus., 22 cm =650 ##$$a Komputer =850 ##$$a NBPNMAT